Modern engineering thermodynamics / (Record no. 33358)

000 -LEADER
fixed length control field 00961cam a2200289 a 4500
001 - CONTROL NUMBER
control field 16432842
003 - CONTROL NUMBER IDENTIFIER
control field OSt
005 - DATE AND TIME OF LATEST TRANSACTION
control field 20211028152949.0
008 - FIXED-LENGTH DATA ELEMENTS--GENERAL INFORMATION
fixed length control field 100825s2011 ne a 001 0 eng
010 ## - LIBRARY OF CONGRESS CONTROL NUMBER
LC control number 2010034092
Canceled/invalid LC control number 2012360143
020 ## - INTERNATIONAL STANDARD BOOK NUMBER
International Standard Book Number 9781123850737
038 ## - RECORD CONTENT LICENSOR
Staff Name khadija
040 ## - CATALOGING SOURCE
Original cataloging agency DLC
Transcribing agency DLC
Modifying agency DLC
042 ## - AUTHENTICATION CODE
Authentication code pcc
050 00 - LIBRARY OF CONGRESS CALL NUMBER
Classification number TJ265
Item number .B196 2011
082 00 - DEWEY DECIMAL CLASSIFICATION NUMBER
Classification number 621.4021
Edition number 22
Author Mark BAL
100 1# - MAIN ENTRY--PERSONAL NAME
Personal name Balmer, Robert T.
9 (RLIN) 83525
245 10 - TITLE STATEMENT
Title Modern engineering thermodynamics /
Statement of responsibility, etc. Robert T. Balmer
260 ## - PUBLICATION, DISTRIBUTION, ETC.
Place of publication, distribution, etc. Amsterdam ;
-- Boston :
Name of publisher, distributor, etc. Academic Press,
Date of publication, distribution, etc. c2011.
300 ## - PHYSICAL DESCRIPTION
Extent xxiii, 801 p. :
Other physical details ill. ;
Dimensions 29 cm. +
Accompanying material Thermodynamic tables.
500 ## - GENERAL NOTE
General note Includes index.
563 ## - BINDING INFORMATION
Binding note PB
650 #0 - SUBJECT ADDED ENTRY--TOPICAL TERM
Topical term or geographic name entry element Thermodynamics.
9 (RLIN) 7134
906 ## - LOCAL DATA ELEMENT F, LDF (RLIN)
a 7
b cbc
c orignew
d 1
e ecip
f 20
g y-gencatlg
942 ## - ADDED ENTRY ELEMENTS (KOHA)
Source of classification or shelving scheme
Koha item type Book
Holdings
Withdrawn status Lost status Source of classification or shelving scheme Damaged status Not for loan Permanent Location Current Location Shelving location Date acquired Full call number Barcode Date last seen Price effective from Koha item type
          School of Mechanical & Manufacturing Engineering (SMME) School of Mechanical & Manufacturing Engineering (SMME) General Stacks 02/18/2016 621.4021 BAL SMME-2432 04/03/2018 02/18/2016 Book
© 2023 Central Library, National University of Sciences and Technology. All Rights Reserved.